000 00591nam a22001937a 4500
005 20241029111833.0
010 _aENG-142522
020 _a9788125061298
_c1230.00
035 _aEN-126054
037 _bDBAD
082 _a382.60954903
100 _aEacott, Jonathan
_973602
245 _aSelling Empire/
_cJonathan Eacott
250 _aFirst
260 _aNew Delhi
_bOrient Blackswan Private Limited
_c2016
270 _a1/24 Asaf Ali Road
_bNew Delhi
_e110002
_mdelhi@orientblackswan.com
300 _a455p.
_c25cm (hbk)
942 _2ddc
_cEN
_h382.609540903
_mEAC
_e2016
999 _c206839
_d206839